Situación actual de las poblaciones de baba (Caiman crocodilus) sometidas a aprovechamiento comercial en los llanos venezolanos (Registro nro. 903)

Detalles MARC
000 -CABECERA
Campo de control 01128nam a2200277 a 4500
005 - FECHA Y HORA DE LA ULTIMA TRANSACCION
Campo de control 20171121091730.0
008 - ELEMENTOS DE LONGITUD FIJA—INFORMACION GENERAL
Campo de control 140224b1995 sp ad|||r|||| 001 0 spa d
022 ## - ISSN
ISSN 1132-8398
040 ## - FUENTE DE CATALOGACIÓN
Agencia catalogadora original CO-BoIAVH
Agencia transcriptora CO-BoIAVH
041 0# - IDIOMA
Código de idioma para texto/pista de sonido o título separado Español
044 ## - PAÍS DE PUBLICACIÓN
País de publicación España
082 04 - NUMERO DE CLASIFICACION DECIMAL DEWEY
Número de clasificación 597.9821788
Número del ítem V43s
100 1# - ASIENTO PRINCIPAL--NOMBRE PERSONAL
Nombre personal Velascos, Alvaro
Término relacionado autor
9 (RLIN) 9890
245 10 - MENCION DE TITULO
Título Situación actual de las poblaciones de baba (Caiman crocodilus) sometidas a aprovechamiento comercial en los llanos venezolanos
260 ## - PUBLICACION, DISTRIBUCION, ETC. (PIE DE IMPRENTA)
Lugar de publicación, distribución, etc. Sevilla (España) :
Nombre del editor, distribuidor, etc. Asociación de Amigos de Doñana,
Fecha de publicación, distribución, etc. 1995.
300 ## - DESCRIPCION FISICA
Extensión 71 páginas :
Otros detalles físicos tablas y gráficas ;
Dimensiones 23 x 16 cm.
490 0# - MENCION DE SERIE
Mención de serie Publicaciones de la sasociacion de amigos de Doñana ;
Designación numérica/secuencial del volumen 5
504 ## - NOTA DE BIBLIOGRAFIA, ETC.
Nota de bibliografía Incluye referencias bibliográficas.
650 26 - ASIENTO SECUNDARIO DE MATERIA - TERMINO TEMATICO
Término temático o nombre geográfico como elemento de entrada Caiman crocodilus
Subdivisión general Comercio internacional
Subdivisión geográfica Venezuela
9 (RLIN) 87035
650 26 - ASIENTO SECUNDARIO DE MATERIA - TERMINO TEMATICO
Término temático o nombre geográfico como elemento de entrada Ecología de las poblaciones
Subdivisión geográfica Venezuela
9 (RLIN) 87036
650 26 - ASIENTO SECUNDARIO DE MATERIA - TERMINO TEMATICO
Término temático o nombre geográfico como elemento de entrada Caiman crocodilus
Subdivisión general Censos de población
Subdivisión geográfica Venezuela
9 (RLIN) 87037
650 26 - ASIENTO SECUNDARIO DE MATERIA - TERMINO TEMATICO
Término temático o nombre geográfico como elemento de entrada Caiman crocodilus
Subdivisión general Densidad de la población
Subdivisión geográfica Venezuela
9 (RLIN) 87038
662 ## - ASIENTO SECUNDARIO DE MATERIA - JERARQUIA DEL NOMBRE DE LUGAR(
País o entidad mayor Venezuela
700 1# - ASIENTO SECUNDARIO - NOMBRE PERSONAL
Nombre personal Ayarzaguena, José
Término de relación autor
9 (RLIN) 9749
942 ## - ELEMENTOS ADICIONALES (KOHA)
Tipo de ítem Libro
Sistema de clasificación Dewey Decimal Classification
Existencias
Withdrawn status Lost status Sistema de Clasificación Damaged status No para préstamo Colección Inventariado Ubicación Permanente Ubicación actual Fecha de adquisición Fuente de Valor Valor Total Checkouts Número topográfico Inventario / Código de Barras Date last seen Ejemplar Price effective from Forma de adquisición Tipo de material
    Dewey Decimal Classification     General Inventariado 2017 Sala Fabio Quevedo Sala Fabio Quevedo 13/01/1999 Instituto 39000.00   LB-597.9821788 V43s 004275 04/12/2012 Ej. 1 04/12/2012 Donación Libro